Beyaz önlüklü katiller: Nazi Almanyası ve Birleşik Devletler'de psikiyatrik soykırım (Record no. 20698)

000 -LEADER
fixed length control field 01203nmm a2200325 a 4500
001 - CONTROL NUMBER
control field ocm0002146769
003 - CONTROL NUMBER IDENTIFIER
control field TR-IsHL
005 - DATE AND TIME OF LATEST TRANSACTION
control field 20201028183800.0
008 - FIXED-LENGTH DATA ELEMENTS--GENERAL INFORMATION
fixed length control field 190419s2016 tu tur
007 - PHYSICAL DESCRIPTION FIXED FIELD--GENERAL INFORMATION
fixed length control field cr cn
020 ## - INTERNATIONAL STANDARD BOOK NUMBER
International Standard Book Number 9786059319232
035 ## - SYSTEM CONTROL NUMBER
System control number 2146769
-- (N$T)
050 04 - LIBRARY OF CONGRESS CALL NUMBER
Classification number RA443
Item number .L3619 2016
090 04 - LOCALLY ASSIGNED LC-TYPE CALL NUMBER (OCLC); LOCAL CALL NUMBER (RLIN)
Classification number (OCLC) (R) ; Classification number, CALL (RLIN) (NR) RA443
Local cutter number (OCLC) ; Book number/undivided call number, CALL (RLIN) .L3619 2016
100 1# - MAIN ENTRY--PERSONAL NAME
Personal name Lapon, Lenny
245 10 - TITLE STATEMENT
Title Beyaz önlüklü katiller: Nazi Almanyası ve Birleşik Devletler'de psikiyatrik soykırım
Medium [electronic resource] /
Statement of responsibility, etc. Lenny Lapon ; çeviri Burcu Denizci
250 ## - EDITION STATEMENT
Edition statement 1. Baskı
260 ## - PUBLICATION, DISTRIBUTION, ETC.
Place of publication, distribution, etc. İstanbul :
Name of publisher, distributor, etc. Pales Yayınları,
Date of publication, distribution, etc. 2016
300 ## - PHYSICAL DESCRIPTION
Extent 379 p.
500 ## - GENERAL NOTE
General note Özgün adı: Mass murderers in white coats : psychiatric genocide in Nazi Germany and the United States
650 #4 - SUBJECT ADDED ENTRY--TOPICAL TERM
Topical term or geographic name entry element Tıp
650 #4 - SUBJECT ADDED ENTRY--TOPICAL TERM
Topical term or geographic name entry element Medicine
650 #0 - SUBJECT ADDED ENTRY--TOPICAL TERM
Topical term or geographic name entry element Nasyonal sosyalizm
650 #0 - SUBJECT ADDED ENTRY--TOPICAL TERM
Topical term or geographic name entry element National socialism
650 #0 - SUBJECT ADDED ENTRY--TOPICAL TERM
Topical term or geographic name entry element Psikiyatri hastane hastaları
General subdivision Medeni haklar
650 #0 - SUBJECT ADDED ENTRY--TOPICAL TERM
Topical term or geographic name entry element Psychiatric hospital patients
General subdivision Civil rights
650 #7 - SUBJECT ADDED ENTRY--TOPICAL TERM
Topical term or geographic name entry element PSYCHOLOGY / Psychopathology / General
Source of heading or term bisacsh
700 1# - ADDED ENTRY--PERSONAL NAME
Personal name Denizci, Burcu
856 40 - ELECTRONIC LOCATION AND ACCESS
Uniform Resource Identifier <a href="http://search.ebscohost.com/login.aspx?direct=true&scope=site&db=e011xww&AN=2146769">http://search.ebscohost.com/login.aspx?direct=true&scope=site&db=e011xww&AN=2146769</a>
Holdings
Withdrawn status Lost status Source of classification or shelving scheme Damaged status Not for loan Collection code Permanent Location Current Location Date acquired Total Checkouts Full call number Barcode Date last seen Price effective from Koha item type
        Online   Kıbrıs Amerikan Üniversitesi Kütüphanesi / American University of Cyprus Kıbrıs Amerikan Üniversitesi Kütüphanesi / American University of Cyprus 28.10.2020   RA443 .L3619 2016 2146769 28.10.2020 28.10.2020 E-Kitap
Devinim Yazılım Eğitim Danışmanlık tarafından Koha'nın orjinal sürümü uyarlanarak geliştirilip kurulmuştur.